00562 2200217 4500001002100000005001500021035002000036007000300056008004100059020002200100100001600122245003800138250001100176260003100187300003200218082001100250084001700261650001400278650001700292990003500309INLIS00000000000766520260701092947 a0010-0326000033ta260701 0 ind  a978-602-9111-95-81 aGraham, Ian1 aTercepat! Speedboat /cIan Graham acet. 1 aSolo :bTiga Amanda,c2011 a32 hlm. :bilus. ;c26,5 cm a623.82 a623.82 Gra t 4aSpeedboat 4aEnsiklopedia ac.1/68/Polbangtan Yoma/ha/2026